|
|
|
|
| LEADER |
00000cam a2200000 7i4500 |
| 001 |
0000000934 |
| 005 |
20071210093000.0 |
| 008 |
021118s1975 |
| 090 |
0 |
0 |
|a DR485
|b .T3 1975
|
| 100 |
0 |
|
|a طاشكبريزادة, احمد بن مصطفى ,
|e author
|
| 245 |
1 |
2 |
|a الشقائق النعمانية في علماء الدولة العثمانية
|c طاشكيري زادة
|
| 260 |
2 |
|
|a Bayrut :
|b Dar al-Kitab al-Arabi ,
|c 1975
|
| 300 |
|
|
|a 520 p. ;
|c 24 cm.
|
| 650 |
|
0 |
|a Ulama
|z Turkey
|v Biography
|
| 650 |
|
0 |
|a Sufism
|z Turkey
|x Biography
|
| 745 |
0 |
3 |
|a al-Shaqaiq al-numaniyah fi ulama al-dawlah al-Uthmaniyah
|
| 999 |
|
|
|a 1000042759
|b Book
|c OPEN SHELF (30 DAYS)
|e Gong Badak Campus
|